[Event "AUTO-OPEN-4624"]
[Site "http://www.queenalice.com/game.php?id=1865638"]
[Date "2025.11.15"]
[Round "1"]
[White "game"]
[Black "askasl159"]
[Result "1-0"]
[WhiteElo "1627"]
[BlackElo "1423"]

1. e4 e5 2. Nf3 Nc6 3. Bc4 h6 4. Bb5 Nge7 5. Bc4 Ng6 6. d3 Bc5 7. O-O O-O 8. Be3
Bxe3 9. fxe3 Na5 10. Qe1 Nxc4 11. dxc4 d5 12. exd5 Bf5 13. Na3 c6 14. Rd1 cxd5
15. Rxd5 Be4 16. Rxd8 Raxd8 17. Qa5 1-0

[Event "AUTO-OPEN-4624"]
[Site "http://www.queenalice.com/game.php?id=1865639"]
[Date "2025.11.15"]
[Round "1"]
[White "askasl159"]
[Black "game"]
[Result "1-0"]
[WhiteElo "1443"]
[BlackElo "1584"]

1. e4 d6 2. Nf3 Nf6 3. Nc3 e5 4. Bc4 c6 5. O-O d5 6. exd5 Bg4 7. dxc6 Nxc6 8.
Re1 Bc5 9. Ne4 b6 10. Bb5 Bd7 11. d4 Bb4 12. Bd2 Nxe4 13. Rxe4 a6 14. Bxc6 Bxc6
15. Rxe5+ Be7 16. Bb4 Ra7 17. d5 f6 18. Bxe7 Rxe7 19. Rxe7+ Qxe7 20. dxc6 O-O
21. Qd5+ Kh8 22. Re1 Qb4 23. c7 h6 24. Qd8 Rxd8 25. cxd8=Q+ Kh7 26. Re8 Qxb2 27.
Qd3+ g6 28. Qd7# 1-0

[Event "AUTO-OPEN-4625"]
[Site "http://www.queenalice.com/game.php?id=1865872"]
[Date "2025.11.20"]
[Round "1"]
[White "askasl159"]
[Black "jogo"]
[Result "1-0"]
[WhiteElo "1773"]
[BlackElo "1711"]

1. e4 c5 2. b4 cxb4 3. a3 e6 4. d4 Nf6 5. e5 Nd5 6. Nf3 Be7 7. Bd3 O-O 8. O-O a6
9. Be4 bxa3 10. Bxa3 Bxa3 11. Rxa3 Nc7 12. Nc3 d5 13. Bd3 Qe7 14. Qa1 1-0

[Event "AUTO-OPEN-4625"]
[Site "http://www.queenalice.com/game.php?id=1865897"]
[Date "2025.11.20"]
[Round "1"]
[White "WoodpusherKid"]
[Black "askasl159"]
[Result "1-0"]
[WhiteElo "2580"]
[BlackElo "1676"]

1. g3 g6 2. e4 Bg7 3. Bg2 e5 4. d3 Ne7 5. c4 O-O 6. Ne2 b6 7. O-O Bb7 8. Nbc3 d6
9. b4 Nbc6 10. Rb1 Nd4 11. Nxd4 exd4 12. Ne2 c6 13. Nf4 c5 14. h4 Nc6 15. bxc5
dxc5 16. Nd5 Ne5 17. f4 Bxd5 18. exd5 Nd7 19. Bh3 Re8 20. Kg2 Re7 21. f5 Qc7 22.
fxg6 hxg6 23. Bg5 f6 24. Bf4 Ne5 25. Be6+ Kh7 26. Qe2 Rae8 27. Bxe5 Qxe5 28.
Qxe5 f5 29. Qe2 Bf6 30. h5 1-0

[Event "AUTO-OPEN-4625"]
[Site "http://www.queenalice.com/game.php?id=1865898"]
[Date "2025.11.20"]
[Round "1"]
[White "askasl159"]
[Black "WoodpusherKid"]
[Result "0-1"]
[WhiteElo "1698"]
[BlackElo "2583"]

1. e4 e5 2. f4 exf4 3. Nf3 Nf6 4. Nc3 d5 5. exd5 Nxd5 6. Bc4 Nxc3 7. bxc3 Qe7+
8. Qe2 Qxe2+ 9. Bxe2 Bd6 10. d4 O-O 11. O-O h6 12. Ne5 Bxe5 13. dxe5 g5 14. h3
Nc6 15. Bb2 Nxe5 16. c4 Re8 17. Bxe5 Rxe5 18. Bd3 Bf5 19. Rf3 Rae8 20. a4 Be4
21. Rf2 Kg7 22. Rd2 f3 23. g3 Bxd3 24. cxd3 Re2 25. Rad1 Rxd2 26. Rxd2 Re2 27.
Rxe2 fxe2 28. Kf2 Kf6 29. Kxe2 Ke5 30. Ke3 f5 31. d4+ Kd6 32. Kf3 a6 33. g4 f4
34. Ke4 b6 35. Kf3 c5 36. d5 b5 37. axb5 axb5 38. cxb5 Kxd5 39. b6 Kc6 0-1

[Event "AUTO-OPEN-4625"]
[Site "http://www.queenalice.com/game.php?id=1865913"]
[Date "2025.11.20"]
[Round "1"]
[White "Capixaba789"]
[Black "askasl159"]
[Result "0-1"]
[WhiteElo "1874"]
[BlackElo "1543"]

1. b3 e5 2. Bb2 Nc6 3. e4 Nf6 4. d3 Bc5 5. h3 O-O 6. Nf3 Re8 7. Be2 d5 8. exd5
Qxd5 9. O-O Bf5 10. Nc3 Qd6 11. Nb5 Qe7 12. a4 a6 13. Na3 Nd4 14. Nxd4 Bxd4 15.
Bxd4 exd4 16. Bf3 c5 17. Nc4 Ra7 18. Qd2 b5 19. Nb6 Qd6 20. a5 Nd7 21. Nd5 Nf6
22. c4 Re6 23. Rae1 Nd7 24. Rxe6 fxe6 25. Qg5 Bxd3 26. Qd8+ Qf8 27. Qxf8+ Nxf8
28. cxb5 Bxf1 29. b6 Rd7 30. Nc7 Bd3 31. Bc6 Rd8 32. Ba8 e5 33. b7 Nd7 34. Ne6
Re8 35. Nc7 Rf8 36. g3 e4 37. Ne6 Rb8 0-1

[Event "AUTO-OPEN-4625"]
[Site "http://www.queenalice.com/game.php?id=1865914"]
[Date "2025.11.20"]
[Round "1"]
[White "askasl159"]
[Black "Capixaba789"]
[Result "1-0"]
[WhiteElo "1513"]
[BlackElo "1904"]

1. e4 e5 2. f4 d5 3. exd5 exf4 4. Nf3 Be7 5. Qe2 Qxd5 6. Nc3 Qd8 7. d4 Nf6 8.
Bxf4 O-O 9. O-O-O a5 10. a3 Na6 11. Re1 Bd6 12. Bxd6 cxd6 13. Ne4 Bf5 14. Nc3
Re8 15. Qb5 Rxe1+ 16. Nxe1 Qe7 17. Bd3 Be6 18. Nf3 h6 19. h3 Rc8 20. Qxa5 Bc4
21. Re1 Qd7 22. Bxc4 Rxc4 23. Qb5 Qxb5 24. Nxb5 d5 25. Nd6 Rc7 26. Ne8 Nxe8 27.
Rxe8+ Kh7 28. b4 f6 29. b5 Nc5 30. dxc5 Rxc5 31. b6 Rb5 32. Re6 Kg6 33. g4 Kf7
34. Nd4 Rc5 35. Nb3 Rxc2+ 36. Kxc2 Kxe6 37. Nc5+ 1-0

[Event "Let's Play Chess!"]
[Site "http://www.queenalice.com/game.php?id=1866034"]
[Date "2025.11.23"]
[Round "-"]
[White "Capixaba789"]
[Black "askasl159"]
[Result "1/2-1/2"]
[WhiteElo "1898"]
[BlackElo "1674"]

1. d4 d5 2. Nc3 g6 3. f4 Bg7 4. Nf3 Nf6 5. e3 Ne4 6. Bd2 O-O 7. Bd3 Bf5 8. O-O
Nxc3 9. Bxc3 Bg4 10. Qe1 Nc6 11. Bd2 Qd7 12. Qg3 a6 13. c3 b5 14. Ne5 Nxe5 15.
fxe5 Ra7 16. e4 dxe4 17. Bxe4 Be2 18. Rf2 Bc4 19. b3 Bd5 20. Bxd5 Qxd5 21. Raf1
c5 22. Be3 Rd8 23. Kh1 cxd4 24. Bxd4 Rb7 25. Rxf7 e6 26. Rxb7 Qxb7 27. b4 Qd5
28. h3 Qxa2 29. Qg4 a5 30. bxa5 Ra8 31. Qf3 Rf8 32. Qd1 Rxf1+ 33. Qxf1 Qxa5 34.
Qb1 b4 35. Qxb4 1/2-1/2

[Event "AUTO-OPEN-4626"]
[Site "http://www.queenalice.com/game.php?id=1866085"]
[Date "2025.11.24"]
[Round "1"]
[White "EdsonEstevam"]
[Black "askasl159"]
[Result "0-1"]
[WhiteElo "1786"]
[BlackElo "1696"]

1. e4 e5 2. Nf3 Nc6 3. Bb5 Nge7 4. Nc3 a6 5. Bxc6 Nxc6 6. d4 exd4 7. Nxd4 Nxd4
8. Qxd4 c5 9. Qe3 g6 10. Nd5 d6 11. Qg3 Bg7 12. Qf3 Be6 13. Ne3 O-O 14. h3 d5
15. O-O dxe4 16. Qxe4 Qc7 17. c4 Bf5 18. Nxf5 gxf5 19. Qh4 Rae8 20. Bf4 Qc6 21.
Rad1 Re4 22. b3 Bd4 23. Kh1 Kh8 24. f3 Bf6 25. Qh6 Rg8 26. Rd5 Re6 27. Rxf5 Bg7
28. Qh5 Rf6 29. Re1 Rxf5 30. Qxf5 Qg6 31. Qxc5 Bf8 32. Qa7 Qxg2# 0-1

[Event "AUTO-OPEN-4626"]
[Site "http://www.queenalice.com/game.php?id=1866086"]
[Date "2025.11.24"]
[Round "1"]
[White "askasl159"]
[Black "EdsonEstevam"]
[Result "1-0"]
[WhiteElo "1733"]
[BlackElo "1766"]

1. e4 e5 2. f4 d6 3. Nf3 Bg4 4. Bc4 exf4 5. O-O g5 6. h3 Bxf3 7. Rxf3 Nf6 8. Nc3
Nc6 9. d4 Qe7 10. Qd3 Nb4 11. Qd2 Nh5 12. Nd5 Qd8 13. Nxb4 Ng3 14. Qf2 Qe7 15.
Bd2 O-O-O 16. Re1 Rg8 17. Bd5 h5 18. Bb3 Qf6 19. Be3 c6 20. e5 dxe5 21. dxe5 Ne4
22. Qf1 Qxe5 23. Bxa7 Qd4+ 24. Bxd4 Nd2 25. Qf2 Nxf3+ 26. gxf3 Bxb4 27. c3 Ba5
28. Bxf7 Rgf8 29. Bxh5 Kb8 30. b4 Bc7 31. Re7 Bd6 32. Be5 Bxe5 33. Qb6 Rd1+ 34.
Kf2 Rd2+ 35. Ke1 Rd1+ 36. Kxd1 Rd8+ 37. Kc2 Rd2+ 38. Kxd2 Bxc3+ 39. Kxc3 1-0

[Event "AUTO-OPEN-4626"]
[Site "http://www.queenalice.com/game.php?id=1866107"]
[Date "2025.11.24"]
[Round "1"]
[White "askasl159"]
[Black "cerenzo72"]
[Result "0-1"]
[WhiteElo "1683"]
[BlackElo "2135"]

1. e4 e5 2. f4 Nf6 3. Nc3 d5 4. fxe5 Nxe4 5. Nxe4 dxe4 6. Bc4 Nc6 7. d4 Nxd4 8.
Ne2 Bg4 9. O-O Bc5 10. Bxf7+ Kd7 11. Bc4 Kc8 12. Be3 Nxe2+ 13. Bxe2 Bxe3+ 14.
Kh1 Bxe2 15. Qxe2 Qg5 16. Rae1 Bd4 17. Qxe4 Bxb2 18. Rf5 Qe7 19. Rb1 Qd7 20.
Qxb7+ Kxb7 21. Rxb2+ Kc8 22. Rf1 Rb8 23. Rxb8+ Kxb8 24. Re1 Re8 25. h3 Qd5 0-1

[Event "AUTO-OPEN-4626"]
[Site "http://www.queenalice.com/game.php?id=1866108"]
[Date "2025.11.24"]
[Round "1"]
[White "cerenzo72"]
[Black "askasl159"]
[Result "1-0"]
[WhiteElo "2132"]
[BlackElo "1679"]

1. b3 e5 2. Bb2 Nc6 3. e3 d5 4. Bb5 Bd7 5. Ne2 Nf6 6. O-O Bc5 7. d4 exd4 8. exd4
Bb6 9. Nf4 O-O 10. c4 dxc4 11. bxc4 a6 12. Ba4 Nxd4 13. Nc3 c5 14. Ncd5 Nxd5 15.
Nxd5 Bxa4 16. Qxa4 Re8 17. Rfe1 Ne6 18. Rad1 Nd4 19. Rxe8+ Qxe8 20. Qxe8+ Rxe8
21. Nxb6 Re6 22. Bxd4 cxd4 23. Nd5 d3 24. Ne3 Rd6 25. Nd5 g6 26. Rxd3 Re6 27.
Kf1 b5 28. c5 a5 29. Rc3 Kg7 30. c6 1-0

[Event "AUTO-OPEN-4626"]
[Site "http://www.queenalice.com/game.php?id=1866109"]
[Date "2025.11.24"]
[Round "1"]
[White "askasl159"]
[Black "ALDROB"]
[Result "1-0"]
[WhiteElo "1857"]
[BlackElo "1777"]

1. e4 e5 2. f4 d6 3. Nf3 Bg4 4. Bc4 Nf6 5. Nc3 Nxe4 6. Nxe4 Nc6 7. Be2 f5 8. Nc3
a6 9. b3 exf4 10. Bb2 d5 11. h3 Bh5 12. Nh2 Bg6 13. Bh5 Qe7+ 14. Qe2 Nd4 15.
Bxg6+ hxg6 16. Qxe7+ Bxe7 17. O-O-O O-O-O 18. Na4 c5 19. Rhf1 Bf6 20. Nxc5 Rd6
21. Nf3 Nxf3 22. Rxf3 g5 23. d4 g4 24. hxg4 Rh2 25. gxf5 Rxg2 26. Ne6 Rc6 27.
Rc3 f3 28. Rxc6+ bxc6 29. Rf1 f2 30. Kd2 Kd7 31. Ke2 Bh4 32. Bc1 c5 33. dxc5 g6
34. Nd4 gxf5 35. Nxf5 Rg1 36. Nxh4 1-0

[Event "AUTO-OPEN-4626"]
[Site "http://www.queenalice.com/game.php?id=1866110"]
[Date "2025.11.24"]
[Round "1"]
[White "ALDROB"]
[Black "askasl159"]
[Result "0-1"]
[WhiteElo "1791"]
[BlackElo "1843"]

1. d4 d5 2. c4 c6 3. Nf3 g6 4. Nc3 Bg7 5. e3 Nf6 6. Be2 O-O 7. Qc2 Bf5 8. Qb3 b6
9. O-O Nbd7 10. Nh4 dxc4 11. Bxc4 Be4 12. f3 Bd5 13. Nxd5 Nxd5 14. Bxd5 cxd5 15.
Qxd5 e6 16. Qb3 Qxh4 17. Bd2 Rac8 18. g3 Qe7 19. Rae1 Rc6 20. Bb4 Nc5 21. dxc5
a5 22. Bd2 Rfc8 23. cxb6 Rb8 24. Bxa5 Qc5 25. Bb4 Qxb6 26. Kg2 Qxb4 27. Qxb4
Rxb4 28. b3 Rc2+ 29. Kh3 Rxa2 0-1

[Event "AUTO-ADV-4906"]
[Site "http://www.queenalice.com/game.php?id=1866375"]
[Date "2025.11.29"]
[Round "1"]
[White "Capixabba789"]
[Black "askasl159"]
[Result "1-0"]
[WhiteElo "1917"]
[BlackElo "1811"]

1. d4 d5 2. Nc3 Nf6 3. f4 Bf5 4. Nf3 Nc6 5. a3 Ne4 6. Nxe4 Bxe4 7. c3 g6 8. e3
Bg7 9. Bd3 O-O 10. O-O Qd6 11. Ne5 f6 12. Nf3 e5 13. fxe5 fxe5 14. Be2 Rf7 15.
b4 a6 16. Bb2 Raf8 17. a4 exd4 18. exd4 Qe6 19. Ba3 Ne7 20. Qd2 Rf5 21. Ne5 Bxe5
22. dxe5 Rxf1+ 23. Rxf1 Rxf1+ 24. Bxf1 Qxe5 25. b5 axb5 26. axb5 c6 27. bxc6
bxc6 28. h3 Nc8 29. Bb4 Nd6 30. Qa2 Nc8 31. Qa8 Qe6 32. Ba6 Bf5 33. Bb7 Kg7 34.
Bxc6 Ne7 35. Qb7 Kh6 36. Qxe7 Qxe7 37. Bxe7 Be4 38. c4 g5 39. Bxd5 1-0

[Event "AUTO-ADV-4906"]
[Site "http://www.queenalice.com/game.php?id=1866376"]
[Date "2025.11.29"]
[Round "1"]
[White "askasl159"]
[Black "Capixabba789"]
[Result "1-0"]
[WhiteElo "1750"]
[BlackElo "1935"]

1. e4 Nf6 2. e5 Nd5 3. Bc4 e6 4. Nf3 d6 5. d4 Be7 6. O-O Nc6 7. Bxd5 exd5 8. Re1
dxe5 9. Nxe5 Nxe5 10. Rxe5 Be6 11. Qf3 O-O 12. Nc3 Bf6 13. Re2 Bxd4 14. Bd2 c6
15. h3 Rc8 16. Na4 b5 17. c3 Bf6 18. Nc5 a5 19. a4 Rb8 20. Bf4 Ra8 21. Nxe6 fxe6
22. Rxe6 b4 23. Rxc6 bxc3 24. bxc3 Bxc3 25. Rxc3 Qf6 26. g3 g5 27. Qxd5+ Qf7 28.
Qxg5+ Qg6 29. Rc5 1-0